| 000 | 00471nam a2200169 i 4500 | ||
|---|---|---|---|
| 001 | C2-0235047 | ||
| 003 | PPAK | ||
| 005 | 20180729161601.0 | ||
| 008 | 010826s1989 my |||| ||||| | may d | ||
| 040 |
_aPPAK _beng _cPPAK _erda |
||
| 245 | 0 | 0 |
_aPotret Sasterawan Malaysia : _bShahnon Ahmad |
| 264 | 1 |
_aKuala Lumpur : _bDewan Bahasa dan Pustaka , _c1989 |
|
| 336 |
_2rdacontent _atext |
||
| 337 |
_2rdamedia _aunmediated |
||
| 338 |
_2rdacarrier _avolume |
||
| 942 |
_ddc _cB |
||
| 999 |
_c164782 _d164782 |
||